As palavras (Registo nº 3495)

Detalhes MARC
000 -Etiqueta do registo
Cabeçalho 00663nam a22002651 4500
005 - Identificador da versão
Campo de controlo 20240813122003.0
095 ## -
-- PTBN00792272
010 ## - Número internacional normalizado dos livros (ISBN)
Número (ISBN) 9727565107
100 ## - Dados gerais de processamento
Dados gerais de processamento 20050621d200- b y0pory5003 ba
102 ## - Pais de publicação ou produção
País de publicação Portugal
101 1# - Língua de publicação
Língua do texto, banda sonora, etc. Português
106 ## - Campo de dados codificados: material textual
Dados codificados do material textual r
105 ## - Campo de dados codificados: livros
Dados codificados dos livros a z 000zy
215 ## - Descrição física 
Indicação específica da natureza do documento e extensão da espécie [18] p.
Outras indicações físicas il.
Dimensões 19 cm
200 1# - Titulo e menção de responsabilidade
Título próprio As palavras
Informação de outro título 3-5 anos
Primeira menção de responsabilidade Girassol
225 2# - Colecção 
Título próprio da colecção Primeiros passos
210 ## - Publicação, Distribuição, etc. 
Lugar da edição, distribuição, etc. Sintra
Nome do editor, distribuidor, etc. Girassol
Data da publicação, distribuição, etc. 200-
606 ## - Nome comum usado como assunto
Número de registo de entrada de autoridade 0000006
Palavra de ordem Literatura estrangeira infantil
675 ## - Classificação Decimal Universal (CDU)
Notação 82-93
Edição
Língua da edição por
710 02 - Nome de colectividade-autor (responsabilidade principal)
Número de registo de entrada de autoridade 0001014
Palavra de ordem Girassol
942 ## - Elementos de entrada adicionados (Koha)
Tipo de item no Koha Livro
Exemplares
Situação do levantamento Origin of item (home branch) (coded) Biblioteca de empréstimo Código de barras Cota Circulation type (not for loan) Tipo de documento Nota do exemplar Damaged status
  Biblioteca Escolar da Coca Maravilhas Biblioteca Escolar da Coca Maravilhas BECM7132/05 8EST GIR   Livro Sem mensagem